书目信息 |
| 题名: |
优秀共产党员事迹选
|
|
| 作者: | ;中共北京市委宣传部 编 | |
| 分册: | ||
| 出版信息: | 北京 北京出版社 1984 |
|
| 页数: | 327页 | |
| 开本: | 21cm | |
| 丛书名: | ||
| 单 册: | ||
| 中图分类: | D263 , K824.1 | |
| 科图分类: | ||
| 主题词: | 模范共产党员--生平事迹--中国 , 人物--传记--中国 | |
| 电子资源: | ||
| ISBN: | ||
| 000 | 00764nam0 2200265 45 | |
| 001 | 0184010105 | |
| 005 | 20040513104353.8 | |
| 010 | @dCNY1.05 | |
| 091 | @a3071.374 | |
| 100 | @a19950413d1984 em y0chiy0121 ea | |
| 101 | 0 | @achi |
| 102 | @aCN@b110000 | |
| 105 | @ay z 000yc | |
| 106 | @ar | |
| 200 | 10 | @a优秀共产党员事迹选@Ayou xiu gong chan dang yuan shi ji xuan@f中共北京市委宣传部编 |
| 210 | @a北京@c北京出版社@d1984 | |
| 215 | @a327页@d21cm | |
| 606 | @a模范共产党员@x生平事迹@y中国 | |
| 606 | 0 | @a人物@x传记@x中国 |
| 690 | @aD263@v3 | |
| 690 | @aK824.1 | |
| 711 | 02 | @a中共北京市委宣传部@Azhong gong bei jing shi wei xuan chuan bu@4编 |
| 801 | 0 | @aCN@b上海图书馆@c20040513 |
| 801 | 2 | @aCN@bNLC@c20040513 |
| 905 | @f3@b120294-296@dK824.1@e13 | |
| 优秀共产党员事迹选/中共北京市委宣传部编.-北京:北京出版社,1984 |
| 327页;21cm |
| ISBN :CNY1.05 |
| ● |
| 相关链接 |
|
|
|
|
正题名:优秀共产党员事迹选
索取号:K824.1/13
 
预约/预借
| 序号 | 登录号 | 条形码 | 馆藏地/架位号 | 状态 | 备注 |
| 1 | 0120294 | 001393183 | 密集书库/ [索取号:K824.1/13] | 在馆 | |
| 2 | 0120295 | 001393227 | 密集书库/ [索取号:K824.1/13] | 在馆 | |
| 3 | 0120296 | 001393147 | 密集书库/ [索取号:K824.1/13] | 在馆 | |
| 4 | 0120297 | 001878196 | 密集书库/ [索取号:K824.1/13] | 在馆 | |
| 5 | 0120298 | 001878230 | 密集书库/ [索取号:K824.1/13] | 在馆 |